Nuclear quantum dynamics driven by X-ray free-electron lasers
Saved in:
| Main Author: | |
|---|---|
| Format: | Book/Monograph Thesis |
| Language: | English |
| Published: |
Heidelberg
2025
|
| DOI: | 10.11588/heidok.00037924 |
| Subjects: | |
| Online Access: | Resolving-System, kostenfrei: https://nbn-resolving.de/urn:nbn:de:bsz:16-heidok-379245 Resolving-System, kostenfrei: https://doi.org/10.11588/heidok.00037924 Verlag, kostenfrei, Volltext: http://www.ub.uni-heidelberg.de/archiv/37924 |
| Author Notes: | put forward by Miriam Lena Gerharz ; referees: apl. Prof. Dr. Jörg Evers [und ein weiterer Gutachter] |
MARC
| LEADER | 00000cam a2200000 c 4500 | ||
|---|---|---|---|
| 001 | 1949565645 | ||
| 003 | DE-627 | ||
| 005 | 20260312163721.0 | ||
| 007 | cr uuu---uuuuu | ||
| 008 | 260119s2025 xx |||||om 00| ||eng c | ||
| 024 | 7 | |a urn:nbn:de:bsz:16-heidok-379245 |2 urn | |
| 024 | 7 | |a 10.11588/heidok.00037924 |2 doi | |
| 035 | |a (DE-627)1949565645 | ||
| 035 | |a (DE-599)KXP1949565645 | ||
| 040 | |a DE-627 |b ger |c DE-627 |e rda | ||
| 041 | |a eng | ||
| 082 | 0 | 4 | |a 530 |
| 084 | |a 29 |2 sdnb | ||
| 100 | 1 | |a Gerharz, Miriam |d 1997- |e VerfasserIn |0 (DE-588)1387133713 |0 (DE-627)1949567508 |4 aut | |
| 245 | 1 | 0 | |a Nuclear quantum dynamics driven by X-ray free-electron lasers |c put forward by Miriam Lena Gerharz ; referees: apl. Prof. Dr. Jörg Evers [und ein weiterer Gutachter] |
| 264 | 1 | |a Heidelberg |c 2025 | |
| 300 | |a 1 Online-Ressource (197 Seiten) |b Illustrationen, Diagramme | ||
| 336 | |a Text |b txt |2 rdacontent | ||
| 337 | |a Computermedien |b c |2 rdamedia | ||
| 338 | |a Online-Ressource |b cr |2 rdacarrier | ||
| 502 | |b Dissertation |c Universität Heidelberg |d 2025 | ||
| 546 | |a Zusammenfassungen in deutscher und englischer Sprache | ||
| 655 | 7 | |a Hochschulschrift |0 (DE-588)4113937-9 |0 (DE-627)105825778 |0 (DE-576)209480580 |2 gnd-content | |
| 700 | 1 | |a Evers, Jörg |d 1976- |e AkademischeR BetreuerIn |0 (DE-588)1073947106 |0 (DE-627)830052321 |0 (DE-576)435446827 |4 dgs | |
| 710 | 2 | |a Universität Heidelberg |e Grad-verleihende Institution |0 (DE-588)2024349-2 |0 (DE-627)102161488 |0 (DE-576)191769517 |4 dgg | |
| 751 | |a Heidelberg |0 (DE-588)4023996-2 |0 (DE-627)106300814 |0 (DE-576)208952578 |4 uvp | ||
| 776 | 0 | 8 | |i Erscheint auch als |n Druck-Ausgabe |a Gerharz, Miriam, 1997 - |t Nuclear quantum dynamics driven by X-ray free-electron lasers |d Heidelberg, 2025 |h xii, 184 Seiten |w (DE-627)1960969994 |
| 856 | 4 | 0 | |u https://nbn-resolving.de/urn:nbn:de:bsz:16-heidok-379245 |q application/pdf |x Resolving-System |z kostenfrei |7 0 |
| 856 | 4 | 0 | |u https://doi.org/10.11588/heidok.00037924 |x Resolving-System |z kostenfrei |7 0 |
| 856 | 4 | 0 | |u http://www.ub.uni-heidelberg.de/archiv/37924 |q application/pdf |x Verlag |z kostenfrei |3 Volltext |7 0 |
| 912 | |a ZDB-232-HEDO | ||
| 951 | |a BO | ||
| 992 | |a 20260119 | ||
| 993 | |a Thesis | ||
| 994 | |a 2025 | ||
| 998 | |g 1387133713 |a Gerharz, Miriam |m 1387133713:Gerharz, Miriam |d 130000 |d 130001 |e 130000PG1387133713 |e 130001PG1387133713 |k 0/130000/ |k 1/130000/130001/ |p 1 |x j |y j | ||
| 999 | |a KXP-PPN1949565645 |e 4854359439 | ||
| BIB | |a Y | ||
| JSO | |a {"recId":"1949565645","person":[{"family":"Gerharz","role":"aut","display":"Gerharz, Miriam","given":"Miriam"},{"family":"Evers","role":"dgs","given":"Jörg","display":"Evers, Jörg"}],"origin":[{"dateIssuedKey":"2025","dateIssuedDisp":"2025","publisherPlace":"Heidelberg"}],"name":{"displayForm":["put forward by Miriam Lena Gerharz ; referees: apl. Prof. Dr. Jörg Evers [und ein weiterer Gutachter]"]},"type":{"media":"Online-Ressource","bibl":"thesis"},"corporate":[{"role":"dgg","display":"Universität Heidelberg"}],"title":[{"title":"Nuclear quantum dynamics driven by X-ray free-electron lasers","title_sort":"Nuclear quantum dynamics driven by X-ray free-electron lasers"}],"noteThesis":["Dissertation. - Universität Heidelberg. - 2025"],"id":{"eki":["1949565645"],"doi":["10.11588/heidok.00037924"],"uri":["urn:nbn:de:bsz:16-heidok-379245"]},"physDesc":[{"noteIll":"Illustrationen, Diagramme","extent":"1 Online-Ressource (197 Seiten)"}],"language":["eng"]} | ||
| SRT | |a GERHARZMIRNUCLEARQUA2025 | ||